02723aam a2200289 a 4500003001000000005001700010008003900027020003300066040003400099080001700133245003800150246003700188260006700225300003400292500015000326505024400476505076300720505022801483505028101711505011401992581014802106650003402254650003902288650003802327650003502365650003302400AR-RoUNCS20251118140729.0070425s1981 ag ac gr 001 0 spa a950-2511-01-8qobra completa aAR-BaBNbspacAR-RoUNCSeaacr1 a75(82)2201600aPintores argentinos del siglo XX.33aArtistas argentinos del siglo XX aBuenos Aires :bCentro Editor de América Latina,c1980-1982. a8 v. :bil., retrs. ;c34 cm. aSe publicó en 128 fascículos de entrega semanal para contar al cabo de su publicación con 8 volumenes completo. (Descripción del editor). av.1-4 (fasc. 1 a 64): pintores argentinos del siglo XX -- v. 5 (Fasc. 65 al 80): Escultores argentinos del siglo XX -- v. 6 (Fasc. 81 al 96): Grabadores argentinos del siglo XX -- v. 7 (Fasc.97 al 112): Fotógrafos argentinos del sigl XX.00aMalharro -- Silva -- Fader -- Guillermo Butler -- Quirós --Gómez Cornet --Victorica --Daneri -- Pettoruti -- Emilio Centurión --Basaldúa -- Guttero --Spilimbergo --Del Prete -- Urruchúa -- Policastro -- Domínguez Neira -- Castagnino -- Horacio Butler -- Carlos Alonso -- Berni -- Batlle Planas -- Aizenberg -- Xul Solar -- Supisiche -- Presas -- Torrallardona -- Soldi -- Seoane -- Cogorno -- Russo -- Forner -- Forte -- Gambartes -- Luis Barragán -- Brizzi -- Mac Entyre -- Kemble -- Demirjian -- Hlito -- Deira -- Vidal -- Testa -- Noé -- Seguí -- Messil -- Bonevardi -- Carpani -- Paternosto -- Macció -- Vega, de la -- Carlos Silva -- Puente -- Torroja -- Grilo -- Le Parc -- Garabito -- Benedit -- Chab -- Roux.gPintores argentinos.00aLola Mora -- Riganelli -- Lagos --Fioravanti -- Sibelino -- Curatella Manes -- Badii -- Paparella -- Blaszko -- Iommi -- Heredia -- Renart -- Fontana -- Distéfano.gSerie complementaria Escultores Argentinos del Siglo XX.00aPompeyo Audivert -- Fernando López Anaya -- Carballo -- Facio Hebequer -- Rebuffo -- Seoane -- Sergi -- Rubli -- Porter -- Zelaya -- Filevich -- Berni -- Norberto Onofrio -- Cugat -- Eduardo Audivert -- Planas Casas.gSerie complementaria Grabadores Argentinos del Siglo XX.00aDi Sandro -- D'Amico --Humberto Rivas -- Coppola.gSerie complementaria Fotógrafos Argentinos del Siglo XX.8 aMás libros para más : colecciones del Centro Editor de América Latina. Buenos Aires : Biblioteca Nacional, 2008.zISBN 978-987-9350-44-7. 4aPINTORESzARGENTINAySIGLO XX 4aPINTURAySIGLO XXxARTEzARGENTINA 4aFOTOGRAFÍAySIGLO XXzARGENTINA 4aESCULTURAySIGLO XXzARGENTINA 4aGRABADOySIGLO XXzARGENTINA